Definitívne údaje o úrode poľnohospodárskych plodín a zeleniny v SR za rok 2010

Gespeichert in:
Bibliographische Detailangaben
Format: Buch
Sprache:Slowakisch
Veröffentlicht: Bratislava Štatistický úrad Slovenskej republiky 2011
Schriftenreihe:Pôdohospodárstvo a životné prostredie
Schlagworte:
Tags: Tag hinzufügen
Keine Tags, Fügen Sie das erste Tag hinzu!

MARC

LEADER 00000nam a2200000 4500
001 0127062
005 20240109072911.7
020 |a 978-80-8121-099-0 
041 0 |a slo 
044 |a SK 
245 1 0 |a Definitívne údaje o úrode poľnohospodárskych plodín a zeleniny v SR za rok 2010 
264 1 |a Bratislava  |b Štatistický úrad Slovenskej republiky  |c 2011 
300 |a [46 s.] 
490 1 |a Pôdohospodárstvo a životné prostredie 
830 0 |a Pôdohospodárstvo a životné prostredie 
500 |a Zdroj dokumentu: Štatistický úrad SR. 
610 2 0 |a plodiny poľnohospodárske 
610 2 0 |a úroda 
610 2 0 |a zelenina 
610 2 0 |a Slovensko